| 000 | 00774nam a2200301Ia 4500 | ||
|---|---|---|---|
| 008 | 171025s9999 xx 000 0 und d | ||
| 020 | _a9781414322278 | ||
| 050 | _a248.8 | ||
| 050 | _bJ27 2009 | ||
| 100 | _aJames, Stephen | ||
| 245 | _aWild things : | ||
| 245 | _bthe art of nurturing boys / | ||
| 245 | _cby Stephen James and David Thomas. | ||
| 260 | _aUSA : | ||
| 260 | _bTyndale, | ||
| 260 | _c2009 | ||
| 300 | _axv, 351 pages : | ||
| 300 | _billustrations ; | ||
| 300 | _c21cm. | ||
| 650 | _aBoys -- | ||
| 650 | _aParent and child -- | ||
| 650 | _aParenting -- | ||
| 650 | _xReligious aspects -- Christianity. | ||
| 650 | _xReligious aspects -- Christianity. | ||
| 650 | _xReligious life. | ||
| 700 | _aThomas, Davis. | ||
| 700 | _aTitle. | ||
| 999 |
_c344653 _d344653 |
||